Πλήρες εγχειρίδιο του ελληνικού Microsoft Office 2000
Αποθηκεύτηκε σε:
| Κύριος συγγραφέας: | |
|---|---|
| Μορφή: | Βιβλίο |
| Γλώσσα: | Greek English |
| Δημοσίευση: |
Αθήνα :
Β. Γκιούρδας,
2000.
|
| Θέματα: | |
| Ετικέτες: |
Προσθήκη ετικέτας
Δεν υπάρχουν, Καταχωρήστε ετικέτα πρώτοι!
|
MARC
| LEADER | 00000cam a2200000 i 4500 | ||
|---|---|---|---|
| 001 | 1/29536 | ||
| 008 | 021119s2000 gr | ||| |||| ||gre|| | ||
| 020 | |a 9603870366 | ||
| 035 | |l 10068817 | ||
| 040 | |a GR-MyUa |b gre |e AACR2 | ||
| 041 | 1 | |a gre |h eng | |
| 082 | 7 | |a 005.36 |2 (21) | |
| 100 | 1 | |a Nelson, Stephen L., |d 1959- | |
| 245 | 1 | 0 | |a Πλήρες εγχειρίδιο του ελληνικού Microsoft Office 2000 / |c Stephen L. Nelson ; απόδοση Χρυσούλα Απ. Κουτρουμπά. |
| 260 | |a Αθήνα : |b Β. Γκιούρδας, |c 2000. | ||
| 300 | |a 991 σ. : |b εικ. ; |c 24 εκ. | ||
| 500 | |a Τίτλος πρωτοτύπου: Office 2000: the complete reference. | ||
| 500 | |a Περιλαμβάνει ευρετήριο. | ||
| 630 | 0 | 0 | |a Microsoft Office. |
| 630 | 0 | 0 | |a Microsoft Word. |
| 630 | 0 | 0 | |a Microsoft Excel (Computer file) |
| 630 | 0 | 0 | |a Microsoft Access. |
| 630 | 0 | 0 | |a Microsoft PowerPoint (Computer file) |
| 630 | 0 | 0 | |a Microsoft Publisher. |
| 630 | 0 | 0 | |a Microsoft Outlook. |
| 650 | 0 | |a Business |x Computer programs. | |
| 650 | 0 | |a Word processing. | |
| 650 | 0 | |a Electronic spreadsheets. | |
| 650 | 0 | |a Presentation graphics software. | |
| 852 | |a INST |b SYROS |e 20021119 |h 005.36 NEL |p 005500000066 |q 005500000066 |t BK |y 0 | ||
| 901 | |a BIBL5-2002-3 | ||
| 970 | |a Μανωλαράκη |b Μαρία |z 19/11/2002 | ||